| 000 | | | 04941cmc2a2200000#x 450 |
| 001 | | | d7558682-278b-48e9-9a5a-3b8a903acfc1 |
| 005 | | | 20180328100651.0 |
| 100 | ## | $a | 20150128l19001900k l0rusy0189 ca |
| 101 | 0# | $a | rus |
| 102 | ## | $a | RU |
| 200 | 1# | $a | Альбом фотографий, иллюстрирующий физическое развитие детей |
| | $j | 1900 г. |
| 251 | ## | $c | Дело |
| 105 | ## | $a | а### |
| 801 | #0 | $a | RU |
| | $b | РГИА |
| | $c | 20150128 |
| 801 | #1 | $a | RU |
| | $b | ГлавНИВЦ |
| | $c | 20150128 |
| | $2 | rusmarc |
| 801 | #2 | $a | RU |
| | $b | ПБ им. Б.Н. Ельцина |
| | $c | 20160110 |
| | $g | RCR |
| | $2 | rusmarc |
| 850 | ## | $a | Федеральное казенное учреждение "Российский государственный исторический архив" (РГИА) |
| 852 | ## | $a | РГИА |
| | $j | 25 |
| 937 | ## | $h | РГИА |
| | $d | 12099604 |
| | $a | ASBIBLIO_SCAN |
| 462 | #0 | $1 | 00160d02e16-4f64-42d7-a0e5-11930cbcfbbb |
| | $1 | 2001 |
| | $a | Фотографии учреждений и учебных заведений Министерства народного просвещения |
| | $v | Д. 25 |
| | $1 | 251 |
| | $c | Опись |
| | $1 | 852 |
| | $j | 208 |
| 461 | #0 | $1 | 001a74412a3-3cc5-4d21-8f0a-dfe2fbd9e72d |
| | $1 | 2001 |
| | $a | Департамент народного просвещения Министерства народного просвещения |
| | $1 | 251 |
| | $c | Фонд |
| | $1 | 852 |
| | $j | 733 |
| 215 | ## | $a | 17 листов |
| | $c | фот. |
| | $d | 36,5х26 см |
| 371 | ## | $a | Документ не является опубликованным и широко распространяемым |
| 122 | 0# | $a | d1900###### |
| 035 | ## | $a | d7558682-278b-48e9-9a5a-3b8a903acfc1 |
| 300 | ## | $a | Заголовок дела также: Музей учебных пособий. Альбом иллюстраций физического развития детей |
| 517 | 1# | $a | Музей учебных пособий. Альбом иллюстраций физического развития детей |
| 606 | 1# | $2 | nlr_sh |
| | $3 | RU\NLR\AUTH\66325354 |
| | $a | Дети |
| | $j | Фотографии |
| | $x | Физическое развитие |
| 608 | ## | $2 | prlib_sh |
| | $3 | DITM\AF\0000001707 |
| | $a | Документальные фотографии |
| 686 | ## | $2 | rubbk |
| | $a | 74.200.554я6 |
| | $v | LBC/M |
| 686 | ## | $a | 75.3я6 |
| | $v | LBC/M |
| | $2 | rubbk |
| 605 | ## | $2 | acquisition_Prlib |
| | $3 | DITM\AF\0000003834 |
| | $a | Народ |
| | $l | коллекция |
| 605 | ## | $a | Спорт в России |
| | $l | коллекция |
| | $2 | acquisition_Prlib |
| | $3 | LIBNET\UAF\0000073096 |